• 首页
  • 本馆介绍
  • 公告通知
  • 最新文献
  • 馆藏检索
  • 电子资源
  • 读者导购
  • 参考咨询
  • 我的图书馆
  • 登录
  • 详细信息显示
  • 放入我的书架
  • 预约/预借图书
  • 作者相关作品
  • 分类相关作品
  • 丛书相关作品
  • 出版社相关作品

书目信息

  • 表格格式
  • 工作单格式
  • 卡片格式
题名:
全球战略
    
 
作者: 伊普 著 ;程卫平 译
分册:  
出版信息: 北京   中国人民大学出版社  2005
页数: 296页
开本: 26cm
丛书名: 经济管理译丛
单 册:
中图分类: F114.41
科图分类:
主题词: 经济一体化 , 经济一体化--研究
电子资源:
ISBN: 7-300-06914-2
000 01271nam0 2200337 450
000 01263nam0 2200325 450
000 01193nam0 2200301 450
000 01157oam2 2200289 45
005 20070725165807.07
010    @a7-300-06914-2@dCNY28.00
100    @a20070714d2005 em y0chiy0120 ea
101 1  @achi@ceng
102    @aCN@b110000
105    @ay z 000yy
200 1  @a全球战略@AQuan Qiu Zhan Lue@dTotal global strategy II : updated for the internet and service era@f乔治·S. 伊普(George S.Yip)著@FQiao Zhi· S. Yi Pu (George S.Yip) Zhu@g程卫平译@zeng
205    @a2版
210    @a北京@c中国人民大学出版社@d2005
215    @a296页@d26cm
225 2  @a经济管理译丛
305    @a据原书第2版译出
306    @a本书由培生教育出版公司授权中国人民大学出版社合作出版
330    @a本囊括了全球战略和全球一体化所有方面的内容,提供了一个评估与全球化相关的因素及其相关程度的系统框架。
410  0 @12001 @a经济管理译丛
510 1  @aTotal global strategy II : updated for the internet and service era@zeng
606 0  @a经济一体化
606 0  @a经济一体化@x研究
690    @aF114.41@v4
701  1 @a伊普@AYi Pu@g(Yip, George S.)@4著
702  0 @a程卫平@ACheng Wei Ping@f(1951~)@4译
801  0 @aCN@bTAOJIN@c20070725
905    @a10447@dF114.41@e130=2
    
    全球战略=Total global strategy II : updated for the internet and service era/乔治·S. 伊普(George S.Yip)著/程卫平译.-2版.-北京:中国人民大学出版社,2005
    296页;26cm.-(经济管理译丛)
    
    
    ISBN 7-300-06914-2:CNY28.00
    本囊括了全球战略和全球一体化所有方面的内容,提供了一个评估与全球化相关的因素及其相关程度的系统框架。
●
相关链接 在E读中查询图书 在五车中查询图书 在当当中查询图书 在豆瓣中查询图书


正题名:全球战略     索取号:F114.41/130=2         预约/预借

序号 登录号 条形码 馆藏地/架位号 状态 备注
1 0825979   208259793   第一样本阅览室/ [索取号:F114.41/130=2] 在馆    
2 0825980   208259800   第一借阅区/ [索取号:F114.41/130=2] 在馆    
3 0825981   208259819   第一借阅区/ [索取号:F114.41/130=2] 在馆    
4 0825982   208259828   第一借阅区/ [索取号:F114.41/130=2] 在馆    
5 0825983   208259837   第一借阅区/ [索取号:F114.41/130=2] 在馆    
6 0825984   208259846   第一借阅区/ [索取号:F114.41/130=2] 在馆    
7 0825985   208259855   第一借阅区/ [索取号:F114.41/130=2] 在馆    
8 0825986   208259864   第一借阅区/ [索取号:F114.41/130=2] 在馆    
唐山师范学院图书馆 欢迎您!
大连网信软件有限公司© 版权所有